[Event "SR 4. liga A21 2013/2014"]
[Site "?"]
[Date "2014.02.23"]
[Round "9.2"]
[White "Vogl, Zdenek"]
[Black "Skapik, Branislav"]
[Result "1-0"]
[WhiteElo "1899"]
[BlackElo "1841"]
[PlyCount "51"]
[EventDate "2013.??.??"]

1. e4 d5 2. exd5 Nf6 3. Nc3 Nxd5 4. Nxd5 Qxd5 5. Nf3 e5 6. d3 Bc5 7. Be2 Nc6 8.
O-O b6 9. Be3 Bxe3 10. fxe3 Bb7 11. e4 Qc5+ 12. Kh1 f6 13. a3 a5 14. Rc1 Nd4
15. Nxd4 Qxd4 16. Bh5+ Ke7 17. c3 Qd6 18. Qc2 Rad8 19. d4 exd4 20. e5 Qc5 21.
exf6+ Kf8 22. fxg7+ Kxg7 23. Rf7+ Kh6 24. Rxh7+ Kg5 25. Qg6+ Kf4 26. Rf7+ 1-0

[Event "SR 4. liga A21 2013/2014"]
[Site "?"]
[Date "2014.02.23"]
[Round "9.2"]
[White "Likavska, Barbora"]
[Black "Kubik, Peter"]
[Result "1/2-1/2"]
[WhiteElo "1870"]
[BlackElo "1824"]
[PlyCount "38"]
[EventDate "2013.??.??"]

1. d4 d5 2. c4 Nf6 3. Nf3 Bf5 4. e3 e6 5. Nc3 Be7 6. Be2 O-O 7. cxd5 Nxd5 8.
Nxd5 exd5 9. O-O Nc6 10. a3 Re8 11. b4 a6 12. Bb2 Bd6 13. Rc1 Qf6 14. Bd3 Bg4
15. Be2 Qh6 16. Ne5 Bf5 17. g3 Bh3 18. Re1 Re6 19. Bf3 Ne7 1/2-1/2

[Event "SR 4. liga A21 2013/2014"]
[Site "?"]
[Date "2014.02.23"]
[Round "9.2"]
[White "Vach, Jozef"]
[Black "Perickova, Jana"]
[Result "1-0"]
[WhiteElo "1799"]
[BlackElo "1534"]
[PlyCount "77"]
[EventDate "2013.??.??"]

1. d4 d5 2. Nf3 Nc6 3. c4 Nf6 4. Nc3 e6 5. Bg5 Be7 6. e3 O-O 7. Rc1 b6 8. Bd3
Na5 9. cxd5 exd5 10. O-O Bb7 11. Qc2 g6 12. Ne5 Kg7 13. f4 Nc6 14. Qf2 Nxe5 15.
fxe5 Ng4 16. Bxe7 Nxf2 17. Bxd8 Nxd3 18. Bf6+ Kg8 19. Rb1 c5 20. a3 a5 21. Rf3
Rfe8 22. Nb5 Rf8 23. Nd6 Ba6 24. Nf5 Rfe8 25. Ne7+ Rxe7 26. Bxe7 Re8 27. Bf6
Re6 28. h4 h5 29. g4 hxg4 30. Rg3 Kf8 31. Rxg4 Ke8 32. h5 gxh5 33. Rg8+ Kd7 34.
Rf8 Bb5 35. Rxf7+ Kc6 36. Bd8 Ba6 37. a4 b5 38. Rc7+ Kb6 39. Re7+ 1-0

[Event "SR 4. liga A21 2013/2014"]
[Site "?"]
[Date "2014.02.23"]
[Round "9.2"]
[White "Zachar, Michal"]
[Black "Hrubsa, Marian"]
[Result "0-1"]
[WhiteElo "1000"]
[BlackElo "1801"]
[PlyCount "56"]
[EventDate "2013.??.??"]

1. e4 e6 2. Nc3 d5 3. Nf3 Nf6 4. Bd3 c5 5. b3 Nc6 6. O-O d4 7. Ne2 Bd6 8. c3 e5
9. cxd4 cxd4 10. a3 Bg4 11. Ng3 O-O 12. Qc2 Rc8 13. Bc4 Ne7 14. d3 b5 15. Bd2
bxc4 16. bxc4 Ng6 17. Qa4 Bxf3 18. gxf3 Nh4 19. Qd1 Qd7 20. Bg5 Ng6 21. Nf5 Ne7
22. Nh6+ Kh8 23. Qd2 Qe6 24. Bxf6 Qxf6 25. Ng4 Qxf3 26. Qg5 Ng6 27. Nh6 Nf4 28.
Qg3 Ne2# 0-1

[Event "SR 4. liga A21 2013/2014"]
[Site "?"]
[Date "2014.02.23"]
[Round "9.3"]
[White "Blatnicky, Miroslav"]
[Black "Nemeckay, Rastislav"]
[Result "0-1"]
[WhiteElo "2089"]
[BlackElo "1986"]
[PlyCount "110"]
[EventDate "2013.??.??"]

1. e4 e5 2. Nf3 Nc6 3. Bb5 a6 4. Ba4 Nf6 5. O-O b5 6. Bb3 Be7 7. Re1 d6 8. h3
Na5 9. Nc3 c5 10. Bd5 Nxd5 11. Nxd5 O-O 12. c3 Be6 13. Nxe7+ Qxe7 14. d4 f6 15.
Be3 Nc4 16. b3 Nxe3 17. Rxe3 Rfc8 18. d5 Bd7 19. Nh4 Rf8 20. Nf5 Bxf5 21. exf5
Qd7 22. Qg4 Rfc8 23. h4 c4 24. h5 h6 25. Rg3 Ra7 26. Qg6 Kh8 27. Rb1 Qf7 28. a4
Qxd5 29. axb5 axb5 30. bxc4 bxc4 31. Rb6 Rf8 32. Ra6 Rd7 33. Rg4 Qb7 34. Ra4 d5
35. Rb4 Qa7 36. Rg3 Rb7 37. Rxb7 Qxb7 38. Qg4 Rd8 39. f4 e4 40. Kh2 Qd7 41. Qg6
Rc8 42. Qg4 d4 43. Qd1 d3 44. Re3 Qxf5 45. g3 Rc5 46. Kg2 Qxh5 47. g4 Qd5 48.
Kf2 Ra5 49. Qd2 Qe6 50. Kg3 Ra7 51. Qg2 Re7 52. Qa2 Qd5 53. Qd2 Qd6 54. Qa2 d2
55. Qa8+ Kh7 0-1

[Event "SR 4. liga A21 2013/2014"]
[Site "?"]
[Date "2014.02.23"]
[Round "9.3"]
[White "Celustkova, Lubica"]
[Black "Orvisky, Vladimir"]
[Result "0-1"]
[WhiteElo "1618"]
[BlackElo "1817"]
[PlyCount "50"]
[EventDate "2013.??.??"]

1. e4 Nf6 2. Nc3 e5 3. Nf3 d6 4. Be2 c6 5. d4 exd4 6. Qxd4 Be7 7. O-O O-O 8.
Bg5 Nbd7 9. e5 dxe5 10. Nxe5 Bc5 11. Qf4 Bd6 12. Bxf6 Nxf6 13. Qd4 Qc7 14. Nf3
Rd8 15. Qh4 h6 16. Ne4 Be7 17. Nxf6+ Bxf6 18. Qb4 a5 19. Qa3 b5 20. Qc5 Be7 21.
Qe3 Bf5 22. c3 Re8 23. Qc1 Rad8 24. Rd1 Bd6 25. Rxd6 Rxd6 0-1

[Event "SR 4. liga A21 2013/2014"]
[Site "?"]
[Date "2014.02.23"]
[Round "9.3"]
[White "Krchnak, Rudolf"]
[Black "Klimes, Karel"]
[Result "1/2-1/2"]
[WhiteElo "1821"]
[BlackElo "1651"]
[PlyCount "40"]
[EventDate "2013.??.??"]

1. d4 d5 2. Nc3 Nf6 3. Bg5 h6 4. Bxf6 exf6 5. e3 Bf5 6. Bd3 Qd7 7. Bxf5 Qxf5 8.
Nge2 Bd6 9. O-O c6 10. Re1 O-O 11. Rc1 Nd7 12. Ng3 Bxg3 13. hxg3 Rfe8 14. Qf3
Qg6 15. Ne2 Nf8 16. c4 dxc4 17. Rxc4 Ne6 18. Rec1 Ng5 19. Qf4 Qd3 20. R4c2 Re7
1/2-1/2

[Event "SR 4. liga A21 2013/2014"]
[Site "?"]
[Date "2014.02.23"]
[Round "9.3"]
[White "Kanka, Tomas"]
[Black "Smrek, Peter"]
[Result "0-1"]
[WhiteElo "1688"]
[BlackElo "1811"]
[PlyCount "88"]
[EventDate "2013.??.??"]

1. e4 e5 2. Nf3 Nf6 3. Nc3 Nc6 4. d4 exd4 5. Nxd4 Nxd4 6. Qxd4 d6 7. Be2 Be6 8.
O-O c6 9. Rd1 Qb6 10. Qd3 Bg4 11. Bxg4 Nxg4 12. Qg3 Ne5 13. b3 f6 14. Qh3 Kf7
15. Bb2 Rd8 16. Rd2 Be7 17. Rad1 h5 18. Ne2 Ng4 19. Qg3 g6 20. h3 Ne5 21. Bd4
Qc7 22. f4 Nd7 23. e5 dxe5 24. fxe5 Nxe5 25. Nf4 Rxd4 26. Rxd4 Bc5 27. b4 Bxd4+
28. Rxd4 Qb6 29. Qb3+ Kg7 30. Ne6+ Kh7 31. Kh1 Re8 32. Re4 Qf2 33. Rxe5 fxe5
34. Ng5+ Kh6 35. Nf7+ Kg7 36. Ng5 Qf1+ 37. Kh2 Qf4+ 38. Qg3 Kf6 39. h4 Qxb4 40.
Qf2+ Qf4+ 41. Kg1 Qxf2+ 42. Kxf2 e4 43. Ke3 Kf5 44. Nf7 Kg4 0-1

[Event "SR 4. liga A21 2013/2014"]
[Site "?"]
[Date "2014.02.23"]
[Round "9.3"]
[White "Kosiarcik, Maximilian"]
[Black "Wallner, Juraj"]
[Result "1-0"]
[WhiteElo "1239"]
[BlackElo "1512"]
[PlyCount "63"]
[EventDate "2013.??.??"]

1. e4 c5 2. Nf3 e6 3. d4 d5 4. exd5 exd5 5. Qe2+ Be6 6. Nc3 a6 7. Bg5 Be7 8.
Bxe7 Qxe7 9. O-O-O c4 10. Qe5 Nf6 11. Re1 O-O 12. Nxd5 Nxd5 13. Qxd5 Qb4 14.
Rxe6 fxe6 15. Qxe6+ Kh8 16. Bxc4 Nc6 17. Ng5 g6 18. Qh3 Qe7 19. Qh4 Rf5 20. f4
Re8 21. Bd3 Nxd4 22. Bxf5 gxf5 23. Rd1 Qe3+ 24. Kb1 Qe7 25. a3 Nxc2 26. Kxc2
Qe2+ 27. Rd2 Rc8+ 28. Kb1 Qf1+ 29. Ka2 Qc4+ 30. b3 Qc7 31. Ne6 Qc3 32. Rd8+ 1-0

[Event "SR 4. liga A21 2013/2014"]
[Site "?"]
[Date "2014.02.23"]
[Round "9.4"]
[White "Lanik, Miroslav"]
[Black "Gono, Michal"]
[Result "1-0"]
[WhiteElo "1925"]
[BlackElo "1941"]
[PlyCount "119"]
[EventDate "2013.??.??"]

1. e4 b6 2. d4 Bb7 3. Nc3 e6 4. Be3 Bb4 5. Bd3 Qh4 6. g3 Qd8 7. Nge2 f5 8. O-O
fxe4 9. Nxe4 Nf6 10. Bg5 Be7 11. Nxf6+ Bxf6 12. Be3 Nc6 13. c3 Qe7 14. Qc2 g5
15. Be4 d5 16. Bg2 O-O-O 17. b4 h5 18. a4 a6 19. Nc1 h4 20. Nb3 Qg7 21. b5 Nb8
22. a5 axb5 23. axb6 cxb6 24. Qe2 hxg3 25. fxg3 Bc6 26. Qg4 Bd7 27. Ra8 Kb7 28.
Ra2 Nc6 29. Qe2 Be7 30. Rfa1 Qh7 31. h3 g4 32. h4 Bd6 33. Bf2 Ra8 34. Bf1 Rxa2
35. Qxa2 b4 36. cxb4 Bxb4 37. Qa6+ Kc7 38. Rc1 Rb8 39. Qb5 Ba3 40. Ra1 Bb2 41.
Bd3 Qh6 42. Ra2 Nxd4 43. Ra7+ Rb7 44. Rxb7+ Kxb7 45. Qxd7+ Kb8 46. Ba6 Nf3+ 47.
Kg2 Qg7 48. Qd6+ Qc7 49. Qxb6+ Qxb6 50. Bxb6 d4 51. Nc5 e5 52. Be2 Nd2 53. Nd3
Nc4 54. Nxb2 Nxb6 55. Bxg4 Kc7 56. h5 Nd5 57. h6 Nf6 58. Bf5 Kd6 59. h7 Nxh7
60. Bxh7 1-0

[Event "SR 4. liga A21 2013/2014"]
[Site "?"]
[Date "2014.02.23"]
[Round "9.4"]
[White "Curidlo, Jan"]
[Black "Palka, Miroslav"]
[Result "1-0"]
[WhiteElo "1852"]
[BlackElo "1924"]
[PlyCount "65"]
[EventDate "2013.??.??"]

1. e4 c5 2. Nf3 d6 3. d4 cxd4 4. Nxd4 Nf6 5. Nc3 g6 6. Be2 Bg7 7. Be3 O-O 8.
Qd2 Nc6 9. h3 Bd7 10. a3 a6 11. O-O Rc8 12. Rab1 Ne5 13. Bh6 Nc4 14. Bxc4 Rxc4
15. Bxg7 Kxg7 16. Rfe1 Qc7 17. Re3 Rc8 18. Nd5 Nxd5 19. exd5 e5 20. dxe6 Bxe6
21. c3 Bd5 22. Rbe1 Bc6 23. Re7 Qa5 24. Qf4 Bd5 25. Qxd6 Qc5 26. Qe5+ Kg8 27.
Qf6 Rf8 28. R1e3 Rxd4 29. Qxd4 Qc6 30. f3 b5 31. R3e5 Bc4 32. Rc5 Qb6 33. Rxc4
1-0

[Event "SR 4. liga A21 2013/2014"]
[Site "?"]
[Date "2014.02.23"]
[Round "9.4"]
[White "Tokos, Rastislav"]
[Black "Bardik, Jozef"]
[Result "0-1"]
[WhiteElo "1846"]
[BlackElo "1878"]
[PlyCount "120"]
[EventDate "2013.??.??"]

1. e4 c6 2. d4 d5 3. e5 Bf5 4. Bd3 Bg6 5. f4 e6 6. Nf3 c5 7. c3 c4 8. Bc2 Qd7
9. Be3 Ne7 10. Nbd2 Nbc6 11. O-O Nf5 12. Bf2 Be7 13. h3 h5 14. Nh2 Nh4 15. g3
Bxc2 16. Qxc2 Nf5 17. Ndf3 h4 18. g4 Ng3 19. Rfe1 Ne4 20. Be3 O-O-O 21. Qa4 Kb8
22. Qc2 f6 23. Nf1 Rdg8 24. N1d2 Ng3 25. b3 cxb3 26. axb3 f5 27. g5 Ne4 28. Ra4
Rc8 29. Rea1 a6 30. Qb2 g6 31. Nxe4 fxe4 32. Nd2 Bd8 33. b4 Ne7 34. Nb3 Nf5 35.
Qd2 Qb5 36. Nc5 Re8 37. Kf2 Rc6 38. Qe2 Qxe2+ 39. Kxe2 Kc7 40. Rb1 Be7 41. b5
axb5 42. Rxb5 Bxc5 43. dxc5 Nxe3 44. Kxe3 Rb8 45. c4 Ra6 46. Rxa6 bxa6 47. Rxb8
Kxb8 48. cxd5 a5 49. Kxe4 a4 50. Kd4 exd5 51. f5 a3 52. Kc3 d4+ 53. Kb3 d3 54.
f6 d2 55. Kc2 a2 56. Kxd2 a1=Q 57. Kd3 Qxe5 58. f7 Qf5+ 59. Kd4 Qxf7 60. Ke5
Qf5+ 0-1

[Event "SR 4. liga A21 2013/2014"]
[Site "?"]
[Date "2014.02.23"]
[Round "9.4"]
[White "Sedlak, Rastislav"]
[Black "Huska, Branislav"]
[Result "0-1"]
[WhiteElo "1761"]
[BlackElo "1575"]
[PlyCount "98"]
[EventDate "2013.??.??"]

1. e4 c5 2. Nf3 d6 3. d4 cxd4 4. Nxd4 Nf6 5. Nc3 a6 6. Bd3 e5 7. Nb3 Be6 8. O-O
Be7 9. Be3 O-O 10. Re1 b5 11. h3 Nbd7 12. Qf3 Nb6 13. Rad1 Qc7 14. a3 Nc4 15.
Bxc4 bxc4 16. Nd2 Rab8 17. Rb1 Rb7 18. Na4 Rfb8 19. Nb6 Rxb6 20. Bxb6 Rxb6 21.
Qc3 Qc5 22. b3 cxb3 23. Qxc5 dxc5 24. cxb3 g6 25. f3 Nd7 26. Nc4 Rb5 27. Red1
Nb6 28. Nxe5 Bxb3 29. Rdc1 c4 30. Nc6 Bxa3 31. Re1 c3 32. Ra1 Bb2 33. Nd4 c2
34. Nxb5 axb5 35. Kf2 Bc4 36. Ke3 b4 37. Kd2 b3 38. Ra7 Bd4 39. Kc1 Kg7 40. e5
Bd3 41. Kd2 b2 42. Kxd3 b1=Q 43. Rxb1 cxb1=Q+ 44. Kxd4 Qb4+ 45. Kd3 Qc4+ 46.
Ke3 Nd5+ 47. Kd2 Qc3+ 48. Kd1 Qb2 49. e6 Nc3+ 0-1

[Event "SR 4. liga A21 2013/2014"]
[Site "?"]
[Date "2014.02.23"]
[Round "9.4"]
[White "Dest, Stanislav"]
[Black "Oravec, Pavol"]
[Result "0-1"]
[WhiteElo "1437"]
[BlackElo "1576"]
[PlyCount "88"]
[EventDate "2013.??.??"]

1. d4 d5 2. Nf3 Nf6 3. h3 Bf5 4. Bf4 e6 5. e3 Nbd7 6. Nbd2 Be7 7. c4 c6 8. Be2
O-O 9. O-O Qb6 10. Qc1 Ne4 11. Nxe4 Bxe4 12. Nd2 Bg6 13. c5 Qd8 14. Re1 Nf6 15.
Qd1 Ne4 16. Nxe4 Bxe4 17. b4 Re8 18. Bd3 Bg6 19. Bxg6 hxg6 20. Qb3 g5 21. Bg3
Qd7 22. a4 a6 23. a5 Bf6 24. Rad1 e5 25. dxe5 Bxe5 26. Bxe5 Rxe5 27. Rd4 Qe7
28. Qd1 Re8 29. g4 Re4 30. Rxe4 Qxe4 31. Qb1 Qf3 32. Qf5 Qxf5 33. gxf5 Re4 34.
Rb1 Kf8 35. Kg2 Ke7 36. Rb3 Kf6 37. f3 Rc4 38. Kf2 Kxf5 39. Kg3 Ke5 40. Kf2 f5
41. Rb2 f4 42. Ke2 fxe3 43. Kxe3 Rc3+ 44. Ke2 Kf4 0-1

[Event "SR 4. liga A21 2013/2014"]
[Site "?"]
[Date "2014.02.23"]
[Round "9.5"]
[White "Kovarik, Oto"]
[Black "Hirmajer, Jan"]
[Result "0-1"]
[WhiteElo "1925"]
[BlackElo "1957"]
[PlyCount "81"]
[EventDate "2013.??.??"]

1. e4 c5 2. Nf3 d6 3. d4 cxd4 4. Nxd4 Nf6 5. Nc3 g6 6. Be2 Bg7 7. Be3 Nc6 8.
O-O O-O 9. h3 d5 10. exd5 Nxd5 11. Nxd5 Qxd5 12. c4 Qd7 13. Nxc6 Qxc6 14. Qc2
Bf5 15. Qb3 Be4 16. f3 Bf5 17. Rad1 e5 18. c5 Be6 19. Qc2 Bf5 20. Bd3 Bxd3 21.
Rxd3 Rfd8 22. Rfd1 Rxd3 23. Qxd3 Bf8 24. b4 a6 25. Qd7 Qb5 26. a4 Qxb4 27. c6
bxc6 28. Qxc6 Qb8 29. Rd7 Qe8 30. Qd5 Rc8 31. a5 Kg7 32. Qb7 Bc5 33. Rd3 Qc6
34. Qxc6 Rxc6 35. Kf2 Bxe3+ 36. Kxe3 Rc5 37. Ra3 f5 38. f4 e4 39. Kd4 Rb5 40.
g4 h6 41. Rg3 0-1

[Event "SR 4. liga A21 2013/2014"]
[Site "?"]
[Date "2014.02.23"]
[Round "9.5"]
[White "Lajda, Dusan"]
[Black "Cerovsky, Marian"]
[Result "1-0"]
[WhiteElo "1863"]
[BlackElo "1832"]
[PlyCount "39"]
[EventDate "2013.??.??"]

1. e4 d5 2. exd5 Qxd5 3. Nc3 Qd8 4. d4 c6 5. Nf3 Nf6 6. Bd3 e6 7. O-O Be7 8.
Re1 Nbd7 9. Qe2 h6 10. Ne5 Qb6 11. Nxf7 O-O 12. Nxh6+ Kh8 13. Qxe6 gxh6 14.
Bxh6 Bb4 15. Bxf8 Bxf8 16. Re3 Nh5 17. Rh3 Qa5 18. Bf5 Ndf6 19. Qxf6+ Bg7 20.
Rxh5+ 1-0

[Event "SR 4. liga A21 2013/2014"]
[Site "?"]
[Date "2014.02.23"]
[Round "9.5"]
[White "Damborsky, Pavol"]
[Black "Bjel, Jan"]
[Result "1-0"]
[WhiteElo "1836"]
[BlackElo "1859"]
[PlyCount "53"]
[EventDate "2013.??.??"]

1. c4 e5 2. e4 Nf6 3. d3 Be7 4. Nf3 Nc6 5. Be3 O-O 6. h3 d6 7. a3 Nd7 8. Nc3
Nb6 9. Ne2 f5 10. Bxb6 axb6 11. exf5 Bxf5 12. Ng3 Bg6 13. Be2 Qd7 14. O-O Rae8
15. Ne4 Rf4 16. Rc1 Bxe4 17. dxe4 Rxe4 18. Qd5+ Kh8 19. Qxe4 Rf8 20. Rcd1 Rf4
21. Qe3 Bf6 22. b4 Ne7 23. Nxe5 Qf5 24. Nf3 Re4 25. Qd3 Qe6 26. Rfe1 Ng6 27.
Bf1 1-0

[Event "SR 4. liga A21 2013/2014"]
[Site "?"]
[Date "2014.02.23"]
[Round "9.5"]
[White "Bjel, Tomas"]
[Black "Dubecky, Ladislav"]
[Result "1-0"]
[WhiteElo "1674"]
[BlackElo "1675"]
[PlyCount "82"]
[EventDate "2013.??.??"]

1. e4 e5 2. Nf3 d6 3. d4 exd4 4. Nxd4 Nf6 5. Bd3 Be7 6. O-O O-O 7. Nc3 c6 8. h3
Nbd7 9. f4 Qb6 10. Be3 Qxb2 11. Na4 Qb4 12. c3 Qa5 13. Nf5 Re8 14. Bd4 Qc7 15.
Nb2 b5 16. Qf3 Bb7 17. Qg3 g6 18. e5 Nh5 19. Nxe7+ Rxe7 20. Qg5 Rae8 21. f5
dxe5 22. fxg6 fxg6 23. Rae1 c5 24. Be3 e4 25. Bxb5 Re5 26. Bc4+ Kh8 27. Qh6
Nhf6 28. Bf4 Rh5 29. Qxh5 Qxf4 30. Qxh7+ Kxh7 31. Rxf4 Re5 32. Nd1 Kg7 33. Ne3
Nb6 34. Bb3 a5 35. Rxf6 Kxf6 36. Ng4+ Kf5 37. Rf1+ Kg5 38. Nxe5 a4 39. Be6 a3
40. Nf7+ Kh4 41. Rf4+ Kg3 1-0

[Event "SR 4. liga A21 2013/2014"]
[Site "?"]
[Date "2014.02.23"]
[Round "9.5"]
[White "Blanarik, Dominik"]
[Black "Tomasovic, Martin"]
[Result "1-0"]
[WhiteElo "1540"]
[BlackElo "1715"]
[PlyCount "75"]
[EventDate "2013.??.??"]

1. e4 e5 2. Nf3 Nc6 3. Bb5 a6 4. Ba4 Nf6 5. O-O Bc5 6. c3 O-O 7. Bc2 d6 8. d4
exd4 9. cxd4 Bb6 10. Bg5 Re8 11. Nc3 Bg4 12. Qd3 Bxf3 13. Qxf3 Nxd4 14. Qd3
Nxc2 15. Qxc2 h6 16. Bh4 Qe7 17. Rae1 Qe6 18. Bxf6 Qxf6 19. Nd5 Qd4 20. Nxb6
Qxb6 21. g3 Re5 22. Kg2 Rae8 23. f4 R5e7 24. b3 Qd4 25. Kf3 Rxe4 26. Rxe4 Qd5
27. g4 h5 28. h3 hxg4+ 29. hxg4 c5 30. Rfe1 b5 31. Kg3 Re6 32. Rxe6 fxe6 33.
Qe4 Qxe4 34. Rxe4 Kf7 35. g5 g6 36. Kf3 d5 37. Re2 d4 38. Ke4 1-0

[Event "SR 4. liga A21 2013/2014"]
[Site "?"]
[Date "2014.02.23"]
[Round "9.6"]
[White "Berger, Patrik"]
[Black "Pipiska, Adam"]
[Result "0-1"]
[WhiteElo "1924"]
[BlackElo "1737"]
[PlyCount "54"]
[EventDate "2013.??.??"]

1. e4 e5 2. Nf3 Nc6 3. Bc4 Nf6 4. O-O Bc5 5. d3 d6 6. Bg5 h6 7. Bh4 Be6 8. Bb3
g5 9. Bg3 Qd7 10. c3 Bg4 11. Ba4 O-O-O 12. d4 exd4 13. cxd4 Bxf3 14. gxf3 Bb6
15. d5 Qh3 16. dxc6 h5 17. cxb7+ Kb8 18. Qe2 h4 19. Bxd6 Rxd6 20. Rd1 g4 21.
Qf1 Qxf3 22. Rxd6 cxd6 23. Nd2 Qf4 24. Rc1 Qxd2 25. Rc8+ Rxc8 26. bxc8=Q+ Kxc8
27. Qc4+ Kb8 0-1

[Event "SR 4. liga A21 2013/2014"]
[Site "?"]
[Date "2014.02.23"]
[Round "9.6"]
[White "Ocko, Martin"]
[Black "Vepy, Ivan"]
[Result "1/2-1/2"]
[WhiteElo "1736"]
[BlackElo "1926"]
[PlyCount "116"]
[EventDate "2013.??.??"]

1. d4 Nf6 2. c4 e6 3. g3 Be7 4. Bg2 d5 5. Nf3 O-O 6. O-O c6 7. cxd5 exd5 8. Nc3
Bf5 9. Qb3 Qc8 10. Re1 Ne4 11. Nd2 Ng5 12. e4 Bh3 13. Bh1 Bf6 14. e5 Be7 15. f4
Ne6 16. Nf3 Nd7 17. Be3 Nb6 18. Rac1 Nc4 19. Bg2 Bg4 20. Rcd1 a5 21. h3 Bxf3
22. Bxf3 Ra6 23. Qc2 Nxe3 24. Rxe3 Rd8 25. Bg4 Qc7 26. Kg2 c5 27. Ne2 Rc6 28.
Rc3 b5 29. Bxe6 fxe6 30. Qd3 c4 31. Qf3 b4 32. Rcc1 Rc8 33. f5 Rf8 34. g4 Qd7
35. Nf4 Bg5 36. Nxe6 Rxe6 37. fxe6 Qxe6 38. Qe2 Bxc1 39. Rxc1 Rf4 40. Rf1 Qh6
41. Rxf4 Qxf4 42. e6 Kf8 43. b3 c3 44. Qa6 Ke7 45. Qb7+ Kxe6 46. Qc8+ Kf7 47.
Qd7+ Kg6 48. Qe6+ Qf6 49. Qxd5 h6 50. Qe4+ Kf7 51. Qb7+ Qe7 52. Qd5+ Qe6 53.
Qf3+ Kg8 54. d5 Qe1 55. Qf5 Qe8 56. Qd3 Qc8 57. d6 Qd7 58. Qd5+ Kh8 1/2-1/2

[Event "SR 4. liga A21 2013/2014"]
[Site "?"]
[Date "2014.02.23"]
[Round "9.6"]
[White "Jarabek, Milan"]
[Black "Diviak, Rudolf"]
[Result "0-1"]
[WhiteElo "1744"]
[BlackElo "1797"]
[PlyCount "70"]
[EventDate "2013.??.??"]

1. e4 e5 2. Nf3 Nc6 3. Bb5 a6 4. Ba4 Nf6 5. O-O b5 6. Bb3 Be7 7. Re1 d6 8. c3
Bb7 9. d3 O-O 10. Nbd2 Na5 11. Bc2 c5 12. Nf1 Re8 13. Ng3 Nc6 14. a4 Qc7 15.
Nf5 Bf8 16. h3 Ne7 17. Ne3 Ng6 18. Nf5 Ne7 19. N3h4 Nxf5 20. Nxf5 h6 21. Qf3
Re6 22. Bb1 d5 23. Qg3 Kh7 24. axb5 g6 25. exd5 Nxd5 26. Nh4 axb5 27. Rxa8 Bxa8
28. Nf3 Nf4 29. Bxf4 exf4 30. Qh2 Bd6 31. Rxe6 fxe6 32. h4 Qa7 33. Qh3 Bd5 34.
Ng5+ hxg5 35. hxg5+ Kg8 0-1

[Event "SR 4. liga A21 2013/2014"]
[Site "?"]
[Date "2014.02.23"]
[Round "9.6"]
[White "Filipek, Norbert"]
[Black "Harasta, Juraj"]
[Result "1/2-1/2"]
[WhiteElo "1291"]
[BlackElo "1718"]
[PlyCount "68"]
[EventDate "2013.??.??"]

1. e4 e5 2. Nf3 Nc6 3. d4 exd4 4. Nxd4 d5 5. Nxc6 bxc6 6. Be3 Bb4+ 7. c3 Ba5 8.
Be2 Bb6 9. Bxb6 axb6 10. exd5 cxd5 11. O-O Qg5 12. Re1 Ne7 13. Bb5+ Bd7 14.
Bxd7+ Kxd7 15. c4 Kc8 16. Nc3 Rd8 17. Qf3 Nf5 18. cxd5 Nd6 19. Rad1 Kb7 20. Ne4
Qg6 21. Nxd6+ Rxd6 22. Re7 Ra5 23. h3 Qf6 24. Qxf6 gxf6 25. Rxf7 Rdxd5 26. Rxd5
Rxd5 27. Rxh7 Rd2 28. h4 Rxb2 29. h5 Rxa2 30. Rh8 b5 31. h6 b4 32. h7 b3 33.
Rd8 Ra1+ 34. Kh2 b2 1/2-1/2

[Event "SR 4. liga A21 2013/2014"]
[Site "?"]
[Date "2014.02.23"]
[Round "9.6"]
[White "Antalek, Rudolf"]
[Black "Ulehla, Jakub"]
[Result "1/2-1/2"]
[WhiteElo "1533"]
[BlackElo "1111"]
[PlyCount "69"]
[EventDate "2013.??.??"]

1. e4 e5 2. Nf3 Nc6 3. Bc4 Nf6 4. d3 Bc5 5. Bg5 d6 6. Nbd2 Be6 7. Bxe6 fxe6 8.
O-O Qd7 9. Re1 O-O-O 10. a3 h6 11. Bxf6 gxf6 12. b4 Bb6 13. Qb1 Rdg8 14. Qb3 f5
15. a4 a5 16. Nc4 Nxb4 17. Nxb6+ cxb6 18. c3 Nxd3 19. Red1 Nc5 20. Qxb6 Nxe4
21. Rab1 Qg7 22. g3 Qc7 23. Qe3 Kb8 24. Rb3 Nc5 25. Rb5 f4 26. Qd2 fxg3 27.
fxg3 e4 28. Qxd6 exf3 29. Rxc5 Qxd6 30. Rxd6 Re8 31. Rxa5 e5 32. Rb5 e4 33. Rd7
e3 34. Rbxb7+ Ka8 35. Ra7+ 1/2-1/2

[Event "SR 4. liga A21 2013/2014"]
[Site "?"]
[Date "2014.03.09"]
[Round "10.1"]
[White "Podjavorinsky, Michal"]
[Black "Diviak, Rastislav"]
[Result "0-1"]
[WhiteElo "1719"]
[BlackElo "1998"]
[PlyCount "98"]
[EventDate "2013.??.??"]

1. f4 d6 2. Nf3 Nf6 3. e3 c5 4. Bb5+ Nbd7 5. O-O a6 6. Be2 g6 7. b3 Bg7 8. Bb2
O-O 9. Nc3 b5 10. Qe1 Bb7 11. a3 Qc7 12. Rb1 Rfe8 13. d3 d5 14. Nd1 Nh5 15.
Bxg7 Nxg7 16. Nh4 f5 17. Qf2 e5 18. g4 exf4 19. exf4 fxg4 20. Bxg4 Nf6 21. Bh3
Qe7 22. Nc3 Qe3 23. Qxe3 Rxe3 24. Bg2 Rae8 25. Rf3 R3e7 26. Rff1 Ngh5 27. f5 g5
28. Nf3 h6 29. Rbe1 d4 30. Rxe7 Rxe7 31. Nd1 Nf4 32. h3 Re2 33. Rf2 Bxf3 34.
Bxf3 Nxh3+ 35. Kf1 Rxf2+ 36. Nxf2 Nxf2 37. Kxf2 a5 38. Kg3 Kg7 39. Bc6 b4 40.
axb4 axb4 41. Bf3 Nd7 42. Bg2 Kf6 43. Be4 Ke5 44. Kg4 Nf6+ 45. Kf3 Nd5 46. Kg4
Ne3+ 47. Kh5 Nxf5 48. Bf3 Kf4 49. Bd1 Ne3 0-1

[Event "SR 4. liga A21 2013/2014"]
[Site "?"]
[Date "2014.03.09"]
[Round "10.1"]
[White "Ocko, Martin"]
[Black "Miciak, Emanuel"]
[Result "1-0"]
[WhiteElo "1736"]
[BlackElo "1896"]
[PlyCount "61"]
[EventDate "2013.??.??"]

1. e4 e6 2. d4 d5 3. Nd2 c5 4. c3 Nc6 5. Ngf3 Qb6 6. exd5 exd5 7. Qb3 c4 8.
Qxb6 axb6 9. g3 Nf6 10. Bg2 Bd6 11. O-O O-O 12. Re1 h6 13. Nf1 Be6 14. Ne5 b5
15. f4 Ne7 16. Ne3 b4 17. Bd2 Ra4 18. b3 cxb3 19. axb3 Rxa1 20. Rxa1 bxc3 21.
Bxc3 Rc8 22. Bb2 Ne4 23. Ra7 Rc7 24. Bxe4 dxe4 25. N5c4 Nc8 26. Ra8 Bf8 27. d5
Bh3 28. d6 Rc6 29. f5 Nxd6 30. Nxd6 Rxd6 31. Ba3 1-0

[Event "SR 4. liga A21 2013/2014"]
[Site "?"]
[Date "2014.03.09"]
[Round "10.1"]
[White "Lanyi, Frantisek"]
[Black "Diviak, Rudolf"]
[Result "1/2-1/2"]
[WhiteElo "1695"]
[BlackElo "1797"]
[PlyCount "56"]
[EventDate "2013.??.??"]

1. e4 d6 2. d4 g6 3. f4 Bg7 4. Nf3 Nf6 5. Bd3 O-O 6. O-O c6 7. c3 Qb6 8. Qc2
Nbd7 9. h3 e5 10. fxe5 Nxe5 11. Nxe5 dxe5 12. Be3 Nh5 13. Qf2 exd4 14. cxd4 c5
15. e5 Qd8 16. Bc4 Be6 17. Nd2 cxd4 18. Bxd4 Ng3 19. Rfd1 Nf5 20. Bc3 Qg5 21.
Nf3 Qe7 22. Bb3 Rfd8 23. Rxd8+ Rxd8 24. Bxe6 Qxe6 25. Qxa7 Qd5 26. Qf2 Bh6 27.
Re1 Qxa2 28. Nd4 Nxd4 1/2-1/2

[Event "SR 4. liga A21 2013/2014"]
[Site "?"]
[Date "2014.03.09"]
[Round "10.1"]
[White "Trojkova, Michaela"]
[Black "Bajcar, Pavol"]
[Result "0-1"]
[WhiteElo "1455"]
[BlackElo "1745"]
[PlyCount "118"]
[EventDate "2013.??.??"]

1. d4 e6 2. e4 d5 3. exd5 exd5 4. Nf3 Nf6 5. Nc3 Bd6 6. Bg5 c6 7. Be2 Bf5 8.
O-O Nbd7 9. Re1 O-O 10. Bd3 Bg4 11. h3 Bh5 12. Bf5 Qc7 13. Kh1 Rfe8 14. Qd3 Bf4
15. Bxd7 Nxd7 16. Bxf4 Qxf4 17. Ne2 Qf6 18. Nd2 Qxf2 19. Nf3 Bxf3 20. Qxf3 Qxf3
21. gxf3 Re3 22. Kg2 Rae8 23. Kf2 Nf8 24. Ng3 Rxe1 25. Rxe1 Rxe1 26. Kxe1 Ne6
27. c3 Nf4 28. h4 Ng2+ 29. Kf2 Nxh4 30. b3 g6 31. c4 Kg7 32. Ne2 Nf5 33. cxd5
cxd5 34. Nc3 Nxd4 35. Nxd5 Nb5 36. a4 Nd4 37. b4 Nc6 38. b5 Nb8 39. a5 a6 40.
bxa6 bxa6 41. Nc7 Nc6 42. Nxa6 Nxa5 43. Nc5 Nc6 44. Ne4 h5 45. Kg3 Nd4 46. f4
f6 47. Kh4 Kf7 48. Ng3 Ke6 49. Nf1 Ne2 50. Ne3 Nxf4 51. Kg3 g5 52. Nf1 f5 53.
Nh2 Ng6 54. Nf3 f4+ 55. Kg2 Nh4+ 56. Nxh4 gxh4 57. Kh3 f3 58. Kxh4 f2 59. Kxh5
f1=Q 0-1